000
00228as aa2200097a 44500
090
_a
SERIADAS
_b
00986
245
1
0
_a
Smithsonian Features
260
_b
Smithsonian Institution
_a
Estados Unidos
041
0
_a
Inglés
942
_c
REVISTA
999
_c
17135
_d
17135